000 00376nam a2200133Ia 4500
005 20260328101519.0
008 260328s9999||||xx |||||||||||||| ||und||
100 _aGantenbein, Kobi
245 0 _aConstruir en Suiza :
_b Una guía a la Arquitectura Contemporánea /
_cKobi Gantenbein
260 _bHochparterre
300 _a215 p.
650 _aEDAD Contemporánea
942 _cBK
999 _c9509
_d9509